000
00303nam a22001337a 4500
008
180115b xxu||||| |||| 00| 0 eng d
020
_a
9781568846200
041
_a
eng
080
_2
3 ED
_a
004
100
_a
32
101
_a
SHK
245
_a
THE INTERNET FOR DUMMIES
_c
LEVINE.J.R
942
_2
udc
_c
BK
999
_c
40306
_d
40306